000 00733nam a2200169 4500
003 LK-CoMWRAF
005 20240118124840.0
008 231218b |||||||| |||| 00| 0 eng d
020 _a9559448285
040 _aLK-CoMWRAF
_dLK-CoMWRAF
_eLK-CoMWRAF
041 _asin
082 _a370
_bHAY
245 _a6 වන සහ 10 වන ශ්‍රේණිවල සිසුන්ගේ භාෂා හා ගණිත නිපුණතා සමීක්ෂණය :
_bවාර්තාව 2006
246 _a6 wana saha 10 wana shreniwala sisunge bhasha ha ganitha nipunatha samikshanaya : warthawa 2006
260 _aකොළඹ :
_bජාතික අධ්‍යාපන කොමිෂන් සභාව,
_c2006
942 _cBK
999 _c4520
_d4520